<?xml version="1.0" encoding="UTF-8"?>
<marc:record xmlns:marc="http://www.loc.gov/MARC21/slim">
   <marc:leader>00000nam a2200000 a 4500</marc:leader>
   <marc:datafield ind1="1" ind2=" " tag="100">
      <marc:subfield code="a">Schneidereit, Otto</marc:subfield>
      <marc:subfield code="4">aut</marc:subfield>
      <marc:subfield code="e">Verfasser/-in</marc:subfield>
   </marc:datafield>
   <marc:datafield ind1="0" ind2="0" tag="245">
      <marc:subfield code="a">Johann Strauss und die Stadt an der schönen blauen Donau</marc:subfield>
   </marc:datafield>
   <marc:datafield ind1=" " ind2="1" tag="264">
      <marc:subfield code="b">Lied der Zeit Musikverlag</marc:subfield>
      <marc:subfield code="c">1985</marc:subfield>
   </marc:datafield>
   <marc:datafield ind1="1" ind2=" " tag="520">
      <marc:subfield code="a">Was wissen wir von Johann Strauß tatsächlich, was von seinem Werdegang, seinen Freunden, seinen Widersachern, was davon, wie Wien zur Walzerstadt wurde? Der Autor sucht in diesem Buch, diese Fragen mit Hilfe einer Fülle von kulturhistorischen Fakten und Dokumenten zu beantworten.</marc:subfield>
   </marc:datafield>
</marc:record>
